[Event "Challenge"]
[Site "http://www.queenalice.com/game.php?id=1245383"]
[Date "2014.1.4"]
[Round "-"]
[White "willtod"]
[Black "kokokinel"]
[Result "0-1"]
[WhiteElo "1100"]
[BlackElo "1500"]

1. e4 e5 2. d4 exd4 3. c3 dxc3 4. bxc3 Nc6 5. Bc4 Nf6 6. Bg5 Be7 7. e5 Nxe5 8.
Bb5 c6 9. Ba4 O-O 10. Bb3 d5 11. f4 Ng6 12. Nf3 Bg4 13. h3 Bxf3 14. Qxf3 Ne4 15.
Qe3 Nxg5 16. fxg5 Bxg5 17. Qc5 Re8+ 18. Kd1 Qf6 19. Kc2 Re2+ 20. Kd1 Rxg2 21.
Re1 Qf3+ 22. Re2 Qxe2# 0-1

[Event "Challenge"]
[Site "http://www.queenalice.com/game.php?id=1245386"]
[Date "2014.1.4"]
[Round "-"]
[White "willtod"]
[Black "denzil"]
[Result "0-1"]
[WhiteElo "1100"]
[BlackElo "1826"]

1. e4 e5 2. d4 exd4 3. Qxd4 Nc6 4. Qd5 Nf6 5. Qc4 d5 6. Qa4 dxe4 7. Nc3 Bb4 8.
a3 Bxc3+ 9. bxc3 O-O 10. Bc4 a6 11. Be3 b5 12. Bxb5 Ne5 13. Bc6 Rb8 14. f4 exf3
15. gxf3 Qe7 16. f4 Nf3+ 17. Nxf3 Qxe3+ 18. Kf1 Bh3# 0-1

[Event "Challenge"]
[Site "http://www.queenalice.com/game.php?id=1245390"]
[Date "2014.1.4"]
[Round "-"]
[White "willtod"]
[Black "ERMalachini"]
[Result "0-1"]
[WhiteElo "1063"]
[BlackElo "1553"]

1. e4 e5 2. d4 Nc6 3. c3 d6 4. dxe5 Nxe5 5. g3 Bg4 6. Qd5 Rb8 7. h3 Nf6 8. Qb5+
Bd7 9. Qb4 g6 10. Bb5 Bxb5 11. Qxb5+ c6 12. Qe2 Qd7 0-1

[Event "Challenge"]
[Site "http://www.queenalice.com/game.php?id=1245397"]
[Date "2014.1.4"]
[Round "-"]
[White "willtod"]
[Black "Abstro"]
[Result "0-1"]
[WhiteElo "1100"]
[BlackElo "2016"]

1. e4 e5 2. d4 exd4 3. Qxd4 Nc6 4. Qc4 d6 5. Bd2 Nf6 6. Qa4 Bd7 7. Bg5 Be7 8.
Nc3 O-O 9. Nf3 Ne5 10. Nd4 Bxa4 11. Nxa4 Nxe4 12. Bf4 c5 13. Nf5 Bf6 14. f3 Qa5+
15. Nc3 Nxc3 16. Bd2 Nxf3+ 17. gxf3 c4 18. Bxc3 Bxc3+ 19. Kd1 Qxf5 20. Bg2 Bxb2
21. Rb1 c3 22. Rg1 Rfe8 23. Re1 Qd5# 0-1

[Event "Challenge"]
[Site "http://www.queenalice.com/game.php?id=1245417"]
[Date "2014.1.4"]
[Round "-"]
[White "willtod"]
[Black "dbwright308"]
[Result "0-1"]
[WhiteElo "1100"]
[BlackElo "1697"]

1. d4 d5 2. e4 dxe4 3. d5 e6 4. dxe6 Qxd1+ 5. Kxd1 Bxe6 6. Nc3 Nf6 7. Bb5+ Nbd7
8. Nge2 c6 9. Ba4 b5 10. Bb3 Ng4 11. Re1 Nxf2+ 12. Kd2 Bc5 13. Nxe4 Nxe4+ 14.
Kd1 O-O-O 15. Bf4 Ne5+ 16. Kc1 Ng4 17. h3 Be3+ 18. Kb1 Nd2+ 19. Kc1 Nxb3+ 20.
Kb1 Nxa1 21. Kxa1 Bxf4 22. Nxf4 Ne3 23. Rxe3 Rd1# 0-1

[Event "Challenge"]
[Site "http://www.queenalice.com/game.php?id=1245420"]
[Date "2014.1.4"]
[Round "-"]
[White "willtod"]
[Black "mascarade"]
[Result "0-1"]
[WhiteElo "1100"]
[BlackElo "1900"]

1. d4 g6 2. e4 Bg7 3. Bf4 d5 4. Nc3 dxe4 5. Nxe4 e6 6. Nf3 Ne7 7. Bb5+ Bd7 8. c4
Nf5 9. g4 Bxb5 10. cxb5 Nxd4 11. Nxd4 Bxd4 12. Rb1 e5 13. Bg5 Bxf2+ 14. Nxf2
Qxg5 15. h4 Qe3+ 16. Qe2 Qxe2+ 17. Kxe2 Nd7 18. h5 gxh5 19. gxh5 O-O-O 20. Ne4
f5 21. Ng5 Rdf8 22. Rhf1 f4 23. Rbe1 Rf5 24. Ne6 Rxh5 25. Ng7 Rh2+ 26. Kd1 Rxb2
27. a3 Rxb5 28. a4 Ra5 29. Ke2 Rxa4 30. Nf5 Re4+ 31. Kd1 Rxe1+ 32. Kxe1 Rf8 33.
Ne7+ Kd8 34. Nd5 f3 35. Kf2 Nf6 36. Ne3 Ne4+ 37. Ke1 f2+ 38. Ke2 Ng3+ 39. Kd1
Nxf1 40. Nxf1 e4 41. Ke2 Rf3 42. Kd1 Rh3 43. Ke2 e3 44. Kd1 Rh1 45. Ke2 a5 46.
Nxe3 Re1+ 47. Kxf2 Rxe3 48. Kxe3 h5 49. Kf4 a4 50. Kg5 a3 51. Kxh5 b5 52. Kg4 b4
53. Kf3 b3 54. Ke2 b2 55. Kd3 a2 56. Kc3 a1=B 57. Kc2 c5 58. Kb1 c4 59. Kc2 c3
60. Kb1 Kd7 61. Kc2 Kd6 62. Kxc3 b1=Q+ 63. Kd2 Qb3 64. Ke2 Bd4 65. Kd2 Qc3+ 66.
Ke2 Qe3+ 67. Kd1 Qf2 68. Kc1 Qe2 69. Kb1 Qb2# 0-1

[Event "Challenge"]
[Site "http://www.queenalice.com/game.php?id=1245423"]
[Date "2014.1.4"]
[Round "-"]
[White "willtod"]
[Black "yugioh1"]
[Result "0-1"]
[WhiteElo "1068"]
[BlackElo "1370"]

1. e4 e5 2. d4 exd4 3. Qxd4 Nc6 4. Qa4 Bc5 5. Be3 Bxe3 6. fxe3 Qf6 7. Nc3 Nge7
8. g4 O-O 9. Nh3 Ne5 10. Be2 Qh4+ 11. Nf2 N7c6 12. Kd1 Qxf2 13. Rf1 Qxe3 14. Qb3
Nd4 0-1

[Event "YET VIII"]
[Site "http://www.queenalice.com/game.php?id=1245754"]
[Date "2014.1.5"]
[Round "-"]
[White "rogeriooliveira"]
[Black "willtod"]
[Result "1-0"]
[WhiteElo "1380"]
[BlackElo "1063"]

1. e4 e5 2. d4 d5 3. dxe5 d4 4. c3 c5 5. cxd4 cxd4 6. Nf3 Bc5 7. Bg5 f6 8. exf6
gxf6 9. Bd2 b6 10. Na3 Ba6 11. Bxa6 Nxa6 12. O-O Ne7 13. Re1 d3 14. Bc3 Rf8 15.
Qd2 Nb4 16. Bxb4 1-0

[Event "AUTO-OPEN-3158"]
[Site "http://www.queenalice.com/game.php?id=1245813"]
[Date "2014.1.6"]
[Round "1"]
[White "walleska"]
[Black "willtod"]
[Result "1-0"]
[WhiteElo "1500"]
[BlackElo "1100"]

1. e4 d5 2. exd5 Qxd5 3. Nf3 Bg4 4. Be2 e5 5. h3 Bf5 6. Nc3 Bb4 7. Nxd5 Bd6 8.
d4 Bb4+ 9. Nxb4 a5 10. Nd5 c6 11. Nc7+ Ke7 12. dxe5 Nh6 13. Qd6# 1-0

[Event "AUTO-OPEN-3158"]
[Site "http://www.queenalice.com/game.php?id=1245814"]
[Date "2014.1.6"]
[Round "1"]
[White "willtod"]
[Black "walleska"]
[Result "0-1"]
[WhiteElo "1100"]
[BlackElo "2253"]

1. e4 e5 2. d4 exd4 3. Nf3 Bc5 4. Bc4 d6 5. e5 Ne7 6. Bb5+ Nbc6 7. Na3 dxe5 8.
Nc4 e4 9. Nfe5 Qd5 10. b3 Bb4+ 11. Bd2 Qxb5 12. Qe2 Bxd2+ 13. Qxd2 Nxe5 14. Qxd4
N7c6 15. Qxe4 Qb4+ 16. Nd2 Qxe4+ 17. Nxe4 Bf5 18. Nc5 O-O-O 19. Rc1 Rd5 20. Na4
Nf3+ 21. gxf3 Re8+ 22. Kf1 Bh3+ 0-1

[Event "AUTO-OPEN-3158"]
[Site "http://www.queenalice.com/game.php?id=1245843"]
[Date "2014.1.6"]
[Round "1"]
[White "willtod"]
[Black "ACamargo"]
[Result "0-1"]
[WhiteElo "1100"]
[BlackElo "1943"]

1. e4 e5 2. d4 exd4 3. Qxd4 Nc6 4. Qc4 d6 5. f3 Be6 6. Qb5 Rb8 7. Nc3 a6 8. Qh5
Be7 9. Nh3 Nf6 10. Qg5 O-O 11. Bd3 h6 12. Qh4 Nd5 13. Qh5 Nxc3 14. bxc3 Ne5 15.
Nf4 Nxd3+ 16. cxd3 Bg5 17. O-O Bd7 18. Nd5 g6 19. Bxg5 Qxg5 20. Qxg5 hxg5 21.
Nxc7 Kg7 22. Nd5 Be6 23. Nb6 Rfe8 24. a4 Re7 25. a5 f5 26. Rae1 Rf8 27. Na4 Bb3
28. Ra1 Bc2 29. Nb2 Rc7 30. c4 Rc6 31. h3 Kf6 32. Ra3 Rc5 33. Na4 Rxa5 34. Rfa1
Ke5 35. Kh2 Kd4 36. Nb2 Rxa3 37. Rxa3 Rb8 38. Kg3 Rh8 39. f4 fxe4 0-1

[Event "AUTO-OPEN-3158"]
[Site "http://www.queenalice.com/game.php?id=1245844"]
[Date "2014.1.6"]
[Round "1"]
[White "ACamargo"]
[Black "willtod"]
[Result "1-0"]
[WhiteElo "1959"]
[BlackElo "1100"]

1. d4 d5 2. c4 dxc4 3. e4 c5 4. d5 e6 5. Bxc4 e5 6. Nc3 f5 7. Nf3 f4 8. Nxe5 Nf6
9. Bxf4 Nbd7 10. Bb5 Bd6 11. Nxd7 Bxd7 12. e5 Bxe5 13. Bxe5 a6 14. Bxd7+ Qxd7
15. Bxf6 gxf6 16. O-O b5 17. Re1+ Kf7 18. d6 b4 19. Ne4 Rac8 20. Qh5+ Kf8 21.
Qh6+ Kg8 22. Nxf6+ Kf7 23. Nxd7 Rce8 24. Qf6+ Kg8 25. Rxe8# 1-0

[Event "Challenge"]
[Site "http://www.queenalice.com/game.php?id=1247496"]
[Date "2014.1.12"]
[Round "-"]
[White "dbwright308"]
[Black "willtod"]
[Result "1-0"]
[WhiteElo "1724"]
[BlackElo "1100"]

1. d4 e5 2. dxe5 d5 3. exd6 Qxd6 4. Qxd6 cxd6 5. Bf4 h6 6. Nc3 Nc6 7. Nb5 Kd8 8.
Nxd6 Bxd6 9. O-O-O Ke7 10. Bxd6+ Ke8 11. b4 b6 12. a4 a5 13. b5 Nb4 14. Nf3 Be6
15. Bc7 Nd5 16. Be5 f6 17. e4 Nge7 18. exd5 Bxd5 19. Bc7 Nc8 20. Rxd5 Kf8 21.
Rd8+ Kf7 22. Rxh8 f5 23. Bc4+ Kg6 24. Be6 h5 25. Bxc8 f4 26. Bf5+ Kxf5 27. Rxa8
1-0

[Event "Challenge"]
[Site "http://www.queenalice.com/game.php?id=1248058"]
[Date "2014.1.15"]
[Round "-"]
[White "dejami"]
[Black "willtod"]
[Result "1-0"]
[WhiteElo "1699"]
[BlackElo "1100"]

1. e4 Nf6 2. e5 Ne4 3. Bc4 c6 4. Qf3 d5 5. d4 f5 6. Bd3 e6 7. Nh3 Bb4+ 8. c3 Ba5
9. Qh5+ g6 10. Qh6 Na6 11. Bxe4 fxe4 12. Qg7 Rf8 13. Qxh7 Rf7 14. Qxg6 Kf8 15.
Bh6+ Ke8 16. Bg5 Qd7 17. Bh6 Qe7 18. Bg5 Qf8 19. Bh6 Qe7 20. Ng5 Bd7 21. Nh7 Qh4
22. O-O b5 23. Ng5 Qf4 24. Nh7 Qh4 25. Qg8+ 1-0

[Event "Challenge"]
[Site "http://www.queenalice.com/game.php?id=1249977"]
[Date "2014.1.21"]
[Round "-"]
[White "willtod"]
[Black "denzil"]
[Result "0-1"]
[WhiteElo "1100"]
[BlackElo "1828"]

1. e4 e5 2. d4 exd4 3. Qxd4 Nc6 4. Qa4 Bc5 5. g3 Nf6 6. Nh3 O-O 7. Ng5 h6 8. Nf3
Re8 9. e5 Nxe5 10. Nbd2 Nxf3+ 11. Kd1 Re1# 0-1